| 000 | 01141nam a2200313 c 4500 | ||
|---|---|---|---|
| 999 |
_c126070 _d126070 |
||
| 003 | BLK | ||
| 005 | 20220517125224.0 | ||
| 008 | 180409b bul|||||r ||||||| ||bul|| | ||
| 010 | _aKNG00131749000 | ||
| 040 | _aBLK | ||
| 041 |
_aBUL _cBUL |
||
| 080 |
_aВлечуги. Reptilia - Гущери. Змии. Крокодили. Костенурки и др. _b598.1 _z598.1 |
||
| 100 | 1 |
_aБелчева, Росица Ганева _eпърви автор _9376039 |
|
| 139 |
_aБелчева, Росица Ганева _bБ 36 |
||
| 245 | 1 | 0 |
_aВлечуги _cРосица Ганева Белчева. |
| 257 | _aBGR | ||
| 260 |
_bНар. просв. _c1957 |
||
| 300 |
_a76 с. _bс ил. _c18 см |
||
| 380 | _a5 | ||
| 490 |
_aПриродонаучна библиотека _vГ. II, кн. 8 _9203990 |
||
| 500 | _a5 000 тир. | ||
| 650 | 4 |
_aВлечуги _9150929 |
|
| 653 | _aвлечуги | ||
| 852 | _aЦб І 1820 | ||
| 856 | 4 | _qpdf | |
| 856 | 4 | _qpdf | |
| 942 |
_cKNG _n0 _s1 |
||
| 944 |
_aCR _c27.06.2012 _l27.06.2012 - от С1,Р / 27.06.2012 _kСевдалина_Василева |
||
| 944 |
_aED _c27.06.2012 _l27.06.2012 - от С1,Р / 27.06.2012 |
||
| 999 | _d126070 | ||